000 01543nam a22003497a 4500
003 OSt
005 20230125120655.0
008 210216b 2020 dr a c 00| 0 eng d
020 _a9789945586978 (v. 1)
020 _a9789945913132 (v. 2)
040 _a DO-SdBNP
_bspa
_cBPMSU
082 4 _a923.1097293
_bV335H 2020
_222
100 1 _aVásquez, Horacio,
_d1860-1936
245 1 0 _aHoracio Vásquez :
_bmensajes y memorias 1924-1930 /
_ccompilador Ricardo Hernández ; presentación: Roberto Cassá ; Introducción, Ricardo Hernández.
260 _aSanto Domingo :
_bArchivo General de la Nación,
_c2020.
300 _a2 v. :
_bil., fots.;
_c27 cm.
490 0 _aArchivo General de Nación,
_v338
500 _aIncluye datos biográficos del compilador en las solapas.
500 _aIncluye referencias bibliográficas y notas al pie de las páginas.
500 _aIncluye índice onomástico
505 0 _gv. 1.
_tCronología política abierta de Horacio Vásquez --
_gv. 2.
_tEl partido horacista
590 _aInventariado, 2021 /LP
600 1 4 _aVásquez, Horacio,
_d1860-1936
_vEnsayos, conferencias, etc.
651 4 _aRepública Dominicana
_xHistoria
_y1924-1930
651 4 _aRepública Dominicana
_xPolítica y gobierno
_xHistoria
_y1924-1930
700 1 _aHernández, Ricardo,
_d1954-
_e compilador.
700 1 _aCassá, Roberto,
_d1948-
_epresentación
710 2 _aArchivo General de la Nación (República Dominicana)
830 _aArchivo General de Nación
_n301
910 _aVMateo V./Validado
942 _2ddc
_cBK
999 _c13808
_d13808